01194nam a2200313 a 4500001001200000003000800012006001900020007001500039008004100054020001800095020001800113020001500131040002100146035002100167050002500188245008600213260003800299300002500337490005500362504004100417533015200458650001400610655002900624700002300653710001700676830004400693856012600737999001700863ebr10270780CaPaEBRm u cr cn|||||||||090501s2007 ne a sb 000 0 eng d z9789004161948 z9789047421023 z9004161945 aCaPaEBRcCaPaEBR a(OCoLC)31036697214aBT738.5b.V63 2007eb00aVocation and social contexth[electronic resource] /cedited by Giuseppe Giordan. aLeiden ;aBoston :bBrill,c2007. aviii, 213 p. :bill.1 aReligion and the social order,x1061-5210 ;vv. 14 aIncludes bibliographical references. aElectronic reproduction.bPalo Alto, Calif. :cebrary,d2013.nAvailable via World Wide Web.nAccess may be limited to ebrary affiliated libraries. 0aVocation. 7aElectronic books.2local1 aGiordan, Giuseppe.2 aebrary, Inc. 0aReligion and the social order ;vv. 14.40uhttp://site.ebrary.com/lib/rucke/Doc?id=10270780zAn electronic book accessible through the World Wide Web; click to view c22747d22747